| 000 | 00513nam a22002177a 4500 | ||
|---|---|---|---|
| 003 | UA-OsUOA | ||
| 001 | 36350 | ||
| 007 | ta | ||
| 008 | 20060121b un ||||| |||| 00| 0 ukr d | ||
| 100 | _aГлушман І. | ||
| 090 | _a330 | ||
| 942 | _cSA | ||
| 040 |
_aUA-OsUOA _bukr _cUA-OsUOA _dUA-OsUOA |
||
| 245 | _aРайонний бюджет-2006 прийнято | ||
| 300 | _aС.7 | ||
| 955 | _a0 | ||
| 041 | _aukr | ||
| 080 | _a330 | ||
| 773 | 0 | _w36349 | |
| 650 | 7 |
_a330 Економіка взагалі _2UDC |
|
| 999 |
_c322569 _d322569 |
||